000 00838nas a2200241 4500
001 BR9607103
003 BR-BrBNA
005 20231205095938.0
007 ta
008 230509b bl.|||p| |||| 00| 00por d
040 _aBR-BrBNA
_bpor
_cBiblioteca Nacional de Agricultura
041 _a(Pt)
072 _aL72
100 1 _aMedeiros, S.M. de
100 1 _aLopes, C.W.G.
245 1 _aPleomorfismo de uma amostra acistogenica de Toxoplasma gondii Nicolle Manceaux, 1909 (Apicomplexa: Toxoplasmatinae)isolada de uma galinha naturalmente infectada
650 _aGalinha
650 _aToxoplasmose
650 _aParasito de Animal
773 0 _tRevista Brasileira de Medicina Veterinaria (Brazil)
_xISSN 0100-2430
_g(Mar-Apr 1996), v. 18(2) p. 71-73
_wBR9607103
909 _a202311
_bLúcia
_c55
_dLúcia Elande
942 _2AGRIS
_n0
_cANA
999 _c153592
_d153592